Europa: Geografie mit U - Statistiken

Allgemein
  • Dieses Quiz wurde 238 mal gespielt
  • Das Durchschnittsergebnis liegt bei 11 aus 15
Antwortstatistiken
Hinweis Antwort % Korrekt
Die Flagge dieses Landes, aus dem seit 2022 Millionen Menschen fliehen mussten, ist blau und gelb Ukraine
98%
EU-Mitgliedstaat, der in der Landessprache "Magyarország" heißt Ungarn
97%
Das erste öffentliche Verkehrsmittel dieser Art wurde 1863 in London eröffnet; es folgten Budapest, Paris und Berlin U-Bahn
94%
Gebirge, das traditionell als Grenze zwischen Europa und Asien gilt Ural
93%
Mit dem Vertrag von Maastricht von 1992 wurde diese Organisation als übergeordneter Verbund für die Europäischen Gemeinschaften gegründet Europäische {Union}
92%
Das umgangssprachlich oft als Großbritannien bezeichnete Land heißt auf Englisch – in der offiziellen Kurzform – so {United} {Kingdom}
89%
Die meisten Welterbestätten dieser Organisation gibt es in Europa in Italien, gefolgt von Deutschland und Frankreich UNESCO
77%
Ostseeinsel, die sich Deutschland und Polen teilen Usedom
75%
Kanton in der Zentralschweiz mit dem Hauptort Altdorf Uri
70%
In dieser nördlich von Stockholm gelegenen Stadt befindet sich die älteste Universität Schwedens Uppsala
66%
In der Hauptstadt der gleichnamigen niederländischen Provinz wurde der Friedensvertrag des Spanischen Erbfolgekriegs geschlossen Utrecht
63%
In Mittelitalien gelegene Region mit der Hauptstadt Perugia Umbrien
61%
Dieses Stadt ist das Zentrum der nordostitalienischen Region Friaul Udine
54%
Westlich des oben gesuchten Gebirges gelegene Millionenstadt mit drei Buchstaben Ufa
44%
Neben Munster, Leinster und Connacht ist dies die nördlichste der vier traditionellen Provinzen Irlands Ulster
42%
Keine übereinstimmenden Quizze gefunden
Verteilung der Resultate
Anzahl Personen mit jedem Resultat
Perzentil nach korrekt beantworteten Fragen
Ihre Resultats-Entwicklung
Sie haben dieses Quiz noch nicht gespielt